Library Banner

Afghanistan (Record no. 67909)

MARC details
000 -LEADER
fixed length control field 00415nam a22001577a 4500
005 - DATE AND TIME OF LATEST TRANSACTION
control field 20150316144136.0
008 - FIXED-LENGTH DATA ELEMENTS--GENERAL INFORMATION
fixed length control field 150316b xxu||||| |||| 00| 0 eng d
020 ## - INTERNATIONAL STANDARD BOOK NUMBER
International Standard Book Number 0233973508
040 ## - CATALOGING SOURCE
Transcribing agency PK-LaUMT
082 ## - DEWEY DECIMAL CLASSIFICATION NUMBER
Classification number KHC 958.104
Item number GRI-A
100 ## - MAIN ENTRY--PERSONAL NAME
Personal name Griffiths, John G.
245 ## - TITLE STATEMENT
Title Afghanistan
Remainder of title key to a continent
Statement of responsibility, etc John G. Griffiths
260 ## - PUBLICATION, DISTRIBUTION, ETC. (IMPRINT)
Place of publication, distribution, etc London
Name of publisher, distributor, etc Andre Deutsch
Date of publication, distribution, etc 1981
300 ## - PHYSICAL DESCRIPTION
Extent 225 p.
942 ## - ADDED ENTRY ELEMENTS (KOHA)
Koha item type Books
Holdings
Withdrawn status Lost status Damaged status Home library Current library Date acquired Full call number Barcode Date last seen Price effective from Koha item type
      UMT Main Campus UMT Main Campus 2015-03-16 KHC 958.104 GRI-A 70991 2015-03-16 2015-03-16 Books